000 00831nam a2200193 u 4500
001 000243400
003 AM-YeHGA
005 20250618071627.0
008 030704s1950 ai r 000 0 arm d
040 _aAM-YeHGA
100 1 _aՂուկասյան, Հովհաննես Արամի,
_d1919-1991
_92667
245 1 0 _aՓոքրիկ վրիժառուներ :
_bՎիպակ /
_cՀովհ. Ղուկասյան; Խմբ.՝ Վ. Գրիգորյան; Նկ.՝ Պ. Մալայան.
260 _aԵրևան :
_bՀայպետհրատ,
_c1950.
300 _a124 էջ :
_bնկ. ;
_c20 սմ.
650 1 4 _aՀայ գրականություն
_xԱրձակ
700 1 _aԳրիգորյան, Վահան Արմենակի,
_d1905-1989
_eխմբ.
_4edt
_91650
700 1 _aՄալայան, Պետրոս Հովհաննեսի,
_d1927-1995
_eնկ.
_4art
_92677
090 _c87714
999 _c86431
_d86431